00346nam a2200121Ia 4500008004100000020001700041040002600058082001800084245005700102260004400159003000400203005001700207241127s9999||||xx |||||||||||||| ||und|| a15112780c00 bengcSSK Libraryerda a633.85105/JOU 0aJournal Of Oil Palm Research: Vol. 23, December 2011 b Malaysian Palm Oil Board(Mpob)c©2011OSt20241127152837.0